| 000 | 00545nam a22001937a 4500 | ||
|---|---|---|---|
| 005 | 20260407124814.0 | ||
| 008 | 260225b |||||||| |||| 00| 0 eng d | ||
| 020 | _a978-0-0780-2215-9 | ||
| 050 | _aQA 76.9 .D 37 S 54 2020 | ||
| 100 | _aSILBERSCHATZ, ABRAHAM | ||
| 245 | _aDATABASE SYSTEM CONCEPTS | ||
| 250 | _a7 | ||
| 260 |
_aNEW YORK, _bMcGRAW-HILL EDUCATION, _c2020 |
||
| 300 | _aXXVIII,1344P. | ||
| 500 | _aINCLUDES BIBLIOGRAPHICAL REFERENCES | ||
| 650 | _aCOMPUTER | ||
| 700 | _aKORTH HENRY ,F, SUDARSHAN S. | ||
| 942 |
_2lcc _cBK |
||
| 999 |
_c216653 _d216653 |
||